[Event "Kragero Resort Chess A 2018"]
[Site "Kragero"]
[Date "2018.02.21"]
[Round "1"]
[White "Hammer, Jon Ludvig"]
[Black "Sahl, Sheila Barth"]
[Result "1-0"]
[WhiteElo "2622"]
[BlackElo "2181"]
[Annotator "TA"]
[PlyCount "71"]
[EventDate "2018.??.??"]
[EventType "swiss"]
[EventCountry "NOR"]
[SourceTitle "playchess.com"]
[Source "ChessBase"]
[SourceQuality "1"]

{[%evp 18,71,36,40,54,30,54,56,71,56,67,44,46,53,71,54,74,75,131,70,135,129,180,173,172,124,206,222,211,229,230,221,217,231,222,222,218,205,338,352,359,360,606,603,587,588,904,885,1248,1283,4827,4910,29982,29983,29981,29982]} 1. g3 d5 2. Nf3 Nf6 3. Bg2 e6 4. O-O Nc6 5. d4 Be7 6. b3 {D02: Damenbauernspiele} a5 7. a3 O-O 8. Bb2 Ne4 9. Nbd2 $146 ({Vorgänger:} 9. Ne5 f5 10. Nc3 Nxe5 11. Nxe4 fxe4 12. dxe5 Bc5 13. Bd4 Qe7 {½-½ (46) Khetho,P (2209)-Kobese,W (2366) Pretoria 2012}) 9... f5 10. c4 {LiveBook: 9 Partien} Bd7 11. e3 Qe8 12. Rc1 Rd8 13. Ne1 Rf6 14. f3 Nxd2 15. Qxd2 Rh6 16. f4 Bc8 17. Nd3 Qf8 (17... b6 $142) 18. a4 ({Lieber} 18. Ne5 $16) 18... Rf6 (18... Qe8 $14) 19. Ne5 $16 Bb4 (19... Nb4 $16 20. g4 fxg4) 20. Bc3 $18 Nxe5 21. Bxb4 (21. dxe5 $6 dxc4 22. Qe2 Rf7 $14) 21... axb4 (21... Nxc4 $16 22. Rxc4 (22. Bxf8 Nxd2 23. Be7 Rd7 $14) (22. bxc4 axb4 23. Rfe1 Bd7 $14) 22... Qf7) 22. fxe5 Rf7 23. cxd5 exd5 24. Rc5 Be6 25. a5 ({Viel schwächer ist} 25. Qxb4 $6 c6) 25... c6 26. Qxb4 Ra8 27. Qd2 Bd7 (27... h5 {ist eine bessere Verteidigung.} 28. b4 Qd8) 28. b4 {[%cal Bb3b4,Bb4b5][%mdl 32]} Qd8 {[#]} 29. b5 $1 {[%mdl 512]} Rxa5 $2 (29... h5 30. a6 Be6 31. axb7 Rxb7 32. bxc6 Rc7) (29... cxb5 30. Bxd5) 30. bxc6 Rxc5 31. cxd7 ({Schlechter ist} 31. dxc5 bxc6 32. Ra1 g6 $11) 31... Rc6 32. Bxd5 Qxd7 33. Qa2 Ra6 34. e6 {[%cal Be5e6,Be6d7][%mdl 32]} Rxa2 35. exd7 {[%cal Rd7d8]} Ra8 36. Rxf5 {Precision: Weiß = 81%, Schwarz = 17%.} 1-0

[Event "Kragero Resort Chess A 2018"]
[Site "Kragero"]
[Date "2018.02.21"]
[Round "1"]
[White "Kveinys, Aloyzas"]
[Black "Vestby-Ellingsen, Mads"]
[Result "1-0"]
[WhiteElo "2550"]
[BlackElo "2160"]
[Annotator "TA"]
[PlyCount "137"]
[EventDate "2018.??.??"]
[EventType "swiss"]
[EventCountry "NOR"]
[SourceTitle "playchess.com"]
[Source "ChessBase"]
[SourceQuality "1"]

{[%evp 33,137,-7,0,-43,0,0,0,0,0,0,0,0,0,0,0,0,0,0,0,0,0,0,0,0,0,0,0,0,106,105,108,104,98,98,91,105,98,25,30,33,93,93,85,85,89,100,108,100,118,108,112,110,127,119,128,130,146,145,133,130,101,124,145,145,256,145,145,145,259,236,222,63,63,63,63,63,80,41,43,43,44,44,63,63,457,406,12841,6099,4694,12359,5712,6103,5616,4631,4622,4618,29953,29956,29982,29983,29983,29984,29984,29982,29984,29985]} 1. d4 Nf6 2. c4 e6 3. Nc3 Bb4 4. e3 O-O 5. Bd3 c5 6. Nf3 d5 7. O-O cxd4 8. exd4 dxc4 9. Bxc4 b6 10. Bg5 Bb7 11. Rc1 Nc6 12. a3 Be7 13. Qd3 h6 {E54: Nimzo-Indian: Rubinstein: Main Line: 7...dxc4 8 Bxc4} 14. Bh4 (14. Be3 Bd6 15. Ba6 Bxa6 16. Qxa6 Ne7 17. Rc2 Qc8 18. Qxc8 Raxc8 19. Rfc1 Bb8 20. h3 Rfd8 21. Kf1 {½-½ (87) Onischuk,A (2664)-Nakamura,H (2787) Saint Louis 2016}) 14... Nh5 15. Bg3 Nxg3 16. hxg3 Bf6 17. Rfd1 Ne7 {LiveBook: 4 Games} 18. Ba2 {[#]} Nd5 $146 ({Predecessor:} 18... Rc8 19. Ne4 Bxe4 20. Qxe4 Qd7 21. Bb1 g6 {0-1 (76) Bartholomew,J (2442)-Kacheishvili,G (2582) New York 2011}) 19. Ne4 Qe7 20. Ne5 Rfd8 {[#] Threatens to win with ...Bxe5.} 21. Ng4 h5 22. Bxd5 hxg4 23. Nxf6+ gxf6 24. Bxb7 Qxb7 25. Qe2 f5 26. Qe3 Rac8 27. Qg5+ Kh7 28. Rxc8 Qxc8 $11 {[%mdl 4096] Endgame KQR-KQR} 29. Kh2 {White wants to mate with Rh1.} Rg8 30. Qf6 {aiming for Rh1.} Rg7 (30... Qd7 $1 $11 {remains equal.}) 31. d5 $16 exd5 32. Rxd5 Qe6 33. Rxf5 {Threatening mate with Rh5+.} Qxf6 34. Rxf6 {KR-KR} Kg8 35. f3 ({White should play} 35. a4 $16) 35... Rg5 $11 36. Rf4 gxf3 (36... Rh5+ $14 37. Kg1 gxf3) 37. gxf3 $16 Rd5 38. Rb4 Kg7 39. g4 Kg6 40. Kg3 Rd2 41. Rb5 Kf6 42. Kf4 Re2 43. a4 Kg6 44. b3 Kf6 45. Rf5+ Kg6 46. Re5 Rd2 47. Ke4 Re2+ 48. Kd4 Rc2 (48... Rd2+ $16 49. Kc4 Rc2+ 50. Kb4 Kf6) 49. Rf5 (49. Re7 $18) 49... Rc1 50. b4 f6 (50... Rb1 $16 {was worth a try.}) 51. a5 $18 bxa5 52. bxa5 $2 ({Only move:} 52. Rxa5 $18 Rd1+ 53. Kc5) 52... Rc2 $1 $14 53. Rc5 Rf2 $1 54. Ke4 {Hoping for Rc7.} Ra2 55. f4 {[%cal Bf3f4,Bf4f5][%mdl 32]} Ra4+ 56. Kf3 Ra3+ 57. Kg2 Ra2+ 58. Kg3 Ra3+ $2 {[%mdl 8192] [#]} (58... Ra1 $14) 59. Kh4 $1 $18 Ra4 (59... Ra1 $142 60. Rc7 Rxa5) 60. f5+ Kg7 61. Rc7+ Kh6 62. Rf7 Rxa5 63. Rxf6+ Kg7 64. Rc6 Ra2 65. Kg5 {White mates.} a5 66. Rc7+ Kf8 67. Kf6 {[%cal Rc7c8]} Ke8 68. Ra7 a4 69. g5 {Precision: White = 76%, Black = 48%.} 1-0

[Event "Kragero Resort Chess A 2018"]
[Site "Kragero"]
[Date "2018.02.21"]
[Round "1"]
[White "Lie, Kjetil A."]
[Black "Nielsen, Andre"]
[Result "1-0"]
[WhiteElo "2523"]
[BlackElo "2145"]
[Annotator "TA"]
[PlyCount "107"]
[EventDate "2018.??.??"]
[EventType "swiss"]
[EventCountry "NOR"]
[SourceTitle "playchess.com"]
[Source "ChessBase"]
[SourceQuality "1"]

{[%evp 16,107,11,12,14,16,22,11,15,-10,11,0,10,8,18,13,10,12,17,41,88,89,72,82,93,92,85,88,135,129,218,207,210,207,382,381,325,78,79,70,73,78,76,78,68,56,41,61,36,26,36,33,41,8,8,8,8,8,8,8,8,8,8,8,16,8,8,7,8,0,0,0,0,0,7,0,0,0,8,8,763,820,29973,29968,29983,29984,29984,29985,29985,29986,29986,29987,29991,29992]} 1. c4 e5 2. Nc3 Nf6 3. Nf3 Nc6 4. a3 d5 5. cxd5 Nxd5 6. Qc2 Be7 7. e3 O-O 8. Be2 {A28: English Opening: Four Knights Variation} (8. b4 Nxc3 9. dxc3 Qd6 10. Bd3 f5 11. e4 f4 12. h3 a5 13. Bb2 Bf6 14. Rd1 Qe7 15. O-O Be6 {0-1 (38) Carlsen,M (2837)-Bu,X (2730) Riadh 2017}) 8... Be6 9. b4 {LiveBook: 4 Games} a6 10. Bb2 {The position is equal.} f5 11. Nxd5 $146 ({Find the theoretical novelty and annotate with similar games:} 11. d3 f4 12. e4 Nb6 13. Na4 Nxa4 14. Qxa4 {0-1 (34) Lada,I (2166)-Balinski,D (1978) Polanica Zdroj 2008}) 11... Qxd5 12. Rc1 Bf6 13. d3 Rfd8 14. O-O Qb3 15. Nd2 Qxc2 16. Rxc2 Rd7 17. Rfc1 a5 18. b5 $36 {[%mdl 2048] Black is under strong pressure.} Na7 19. Rxc7 Nxb5 20. Rxd7 Bxd7 21. Nc4 Be6 22. Nxe5 Bxe5 (22... a4 $16 23. Rc5 Nd6) 23. Bxe5 $18 Nxa3 24. Rc7 Rc8 $2 (24... Bf7 25. Bf3 (25. Rxb7 Nc2 $18) 25... Rd8 26. Rxb7 (26. Bxb7 Rxd3 27. Rc8+ Be8 $18) 26... h6) 25. Rxg7+ Kf8 26. Rxb7 $2 (26. h4 $18 {has better winning chances.}) 26... Rc1+ $16 27. Bf1 Nb1 $1 {[%cal Rb1d2] [#] Strongly threatening ...Nd2.} 28. Rc7 ({Inferior is} 28. Rxh7 Nd2 $17) 28... Rd1 {aiming for ...Nd2.} 29. Bb2 ({Stronger than} 29. Rxh7 Nd2 $17) 29... a4 30. Rc1 (30. Rxh7 $2 Nd2 $19) 30... Rxc1 31. Bxc1 $14 {[%mdl 4096] Endgame KBB-KBN} a3 32. Be2 a2 33. Bb2 Nd2 34. Bd1 Bb3 35. Bxb3 Nxb3 $11 {KB-KN} 36. Kf1 a1=Q+ 37. Bxa1 Nxa1 {KN-KP} 38. e4 fxe4 39. dxe4 Kf7 40. Ke2 Kf6 41. f4 h5 42. Kd3 Nb3 43. g3 Nc5+ 44. Ke3 Ne6 45. h3 {[%cal Bh2h3,Bh3g4,Bg4g5,Bg5g6,Bg6g7][%mdl 32]} Nc5 46. g4 hxg4 47. hxg4 {KN-K3P} Nd7 $2 {[%mdl 8192] [#]} (47... Nb3 $11) 48. Kd4 $1 $18 Ke6 49. e5 {White mates.} Nf8 50. f5+ Ke7 51. g5 Nh7 52. g6 Ng5 53. Kd5 Kd7 54. g7 {Precision: White = 60%, Black = 42%.} 1-0

[Event "Kragero Resort Chess A 2018"]
[Site "Kragero"]
[Date "2018.02.21"]
[Round "1"]
[White "Kantans, Toms"]
[Black "Bruaset, Eivind"]
[Result "1-0"]
[WhiteElo "2487"]
[BlackElo "2108"]
[Annotator "TA"]
[PlyCount "78"]
[EventDate "2018.??.??"]
[EventType "swiss"]
[EventCountry "NOR"]
[SourceTitle "playchess.com"]
[Source "ChessBase"]
[SourceQuality "1"]

{[%evp 18,78,-12,-16,0,0,0,-14,-11,-22,0,0,4,0,0,0,0,0,0,0,0,-35,0,-7,-14,-19,0,0,8,0,0,0,-4,-4,28,29,207,213,195,202,249,255,250,260,223,201,211,227,255,255,266,264,267,260,257,275,249,168,323,289,904,856,29992]} 1. e4 e6 2. c4 d5 3. cxd5 exd5 4. exd5 Nf6 5. Nc3 Nxd5 6. Nf3 {C00: French: Unusual White 2nd moves} Nc6 (6... Bb4 7. a3 Bxc3 8. dxc3 O-O 9. Be2 Nc6 10. O-O Re8 11. Re1 Bg4 12. Bg5 Qd7 13. h3 Bh5 {1-0 (59) Kantans,T (2478)-Demidov,M (2523) chess.com INT 2018}) 7. d4 Bb4 8. Bd2 O-O 9. Be2 Be6 10. O-O {LiveBook: 3 Games} Be7 11. Be3 Bf6 $146 ({Predecessor:} 11... Qd7 12. Qd2 Rad8 13. Rac1 f5 14. Rfd1 Bd6 15. Bg5 {½-½ (14) Balajayeva,K (2196)-Ahmadzada,A (2355) Nakhchivan 2017}) 12. Qd2 Re8 13. Rac1 Qe7 14. Bb5 Rad8 15. Rfe1 Nxe3 16. fxe3 Bg4 17. Qf2 Bxf3 18. Qxf3 {Nd5 is the strong threat.} Bg5 {[%cal Rg5e3]} 19. Kh1 Rd6 (19... Bxe3 $6 20. Nd5 $16) (19... Nxd4 $5 20. exd4 Qxe1+ 21. Rxe1 Rxe1+ 22. Bf1 Rxd4 $15) 20. Nd5 Qd8 21. Nf4 Bxf4 22. Qxf4 Ree6 23. Bc4 (23. a3 {is interesting.} Ne7 24. Bc4 Rf6 25. Qg3 c6 26. Rf1) 23... Re7 24. Rf1 {[%cal Rc4f7,Be1f1,Bf1f3,Bf3g3][%mdl 32]} Qe8 25. Rf3 Na5 26. Bd3 Rf6 $2 (26... Nc6 $11 {and Black has nothing to worry.}) 27. Qh4 $18 Rh6 28. Qg5 Nc6 {[%cal Ba5c6,Bc6b4,Bb4d3][%mdl 32] [#]} 29. Rg3 $1 {[%csl Gg3,LRg7,LRh6][%cal Rg5g7]} Rg6 30. Bxg6 $40 {[%mdl 128] Black is in trouble.} hxg6 31. h3 Nb4 32. a3 Nd3 {[#]} 33. Rc2 $1 c5 34. e4 {[%cal Be3e4,Be4e5][%mdl 32]} (34. dxc5 $6 Re5 $16) 34... c4 35. e5 ({Resist} 35. Rxc4 $6 Nf2+ 36. Kh2 Nxe4 $16) 35... Rd7 36. Qg4 ({But not} 36. Rxc4 $6 Nf2+ 37. Kh2 Ne4 $16) 36... b5 37. Re2 {aiming for e6.} Rd5 $2 (37... Qe6 {is a better defense.} 38. Kh2 a6 39. Qxe6 fxe6) 38. e6 {And now exf7+ would win.} Qxe6 $2 (38... Rf5 39. exf7+ Qxf7) 39. Rxe6 {White threatens Re8+ and mate.} fxe6 {Precision: White = 55%, Black = 39%.} 1-0

[Event "Kragero Resort Chess A 2018"]
[Site "Kragero"]
[Date "2018.02.21"]
[Round "1"]
[White "Holm, Kristian Stuvik"]
[Black "Hagesather, Arne"]
[Result "1-0"]
[WhiteElo "2448"]
[BlackElo "2032"]
[Annotator "TA"]
[PlyCount "71"]
[EventDate "2018.??.??"]
[EventType "swiss"]
[EventCountry "NOR"]
[SourceTitle "playchess.com"]
[Source "ChessBase"]
[SourceQuality "1"]

{[%evp 18,71,56,49,76,69,71,79,69,77,72,35,45,45,57,61,58,47,69,33,70,57,61,56,79,34,85,88,68,79,86,26,218,226,230,243,238,240,272,248,248,246,443,459,558,533,806,783,773,750,984,922,2246,1316,29988,29989]} 1. Nf3 Nf6 2. c4 e6 3. g3 b6 4. Bg2 Bb7 5. O-O Be7 6. d4 O-O 7. Re1 d6 8. Nc3 Nbd7 9. e4 e5 10. d5 {LiveBook: 10 Partien} Bc8 {E17: Damenindisch (Hauptfortsetzung)} (10... Re8 11. Rb1 c6 12. b4 a5 13. dxc6 Bxc6 14. a3 axb4 15. axb4 Qb8 16. Qd3 Nf8 17. Bb2 Ne6 18. Nd2 {½-½ (49) Levin,E (2515)-Rodin,D (2360) Voronezh 2015}) 11. Rb1 $146 ({Vorgänger:} 11. b4 Ne8 12. a4 f5 13. a5 fxe4 14. Nxe4 Nef6 15. Neg5 Nb8 16. Ne6 Bxe6 17. dxe6 bxa5 18. Ng5 {1-0 (34) Larsen,T (1719)-Svee,A (1302) Molde 2003}) 11... h6 12. Nh4 Nh7 {Weiß steht besser.} 13. Nf5 Bg5 14. b4 a5 15. a3 {[%cal Ba2a3,Ba3b4][%mdl 32]} axb4 16. axb4 Bxc1 17. Rxc1 Ndf6 18. Ne3 Bd7 19. c5 bxc5 20. bxc5 dxc5 21. Nc4 Qe7 ({Besser ist} 21... Re8 $14) 22. f4 $16 exf4 23. gxf4 {Schwarz muss nun e5 beachten.} Bg4 24. Qd3 (24. Bf3 $16 Bxf3 25. Qxf3) 24... Nd7 $2 (24... Nh5 $11 {und Schwarz steht sicher.}) 25. Qg3 $18 {[%mdl 1024] Weiss hat starke Kompensation.} Bh5 26. Qh3 g6 27. e5 Rab8 28. Ne4 Nb6 {[#]} 29. Ne3 $1 Rfd8 $2 (29... f6 30. e6 (30. Rxc5 fxe5 31. Rec1 exf4 $11) 30... f5) 30. Ng3 c4 31. Nxh5 gxh5 32. Nf5 Qf8 33. e6 fxe6 34. Rxe6 {[#] Weiss droht Tg6+ und Matt.} Rxd5 35. Qg3+ Kh8 36. Qc3+ {Precision: Weiß = 61%, Schwarz = 36%.} 1-0

[Event "Kragero Resort Chess A 2018"]
[Site "Kragero"]
[Date "2018.02.21"]
[Round "1"]
[White "Ingebretsen, Jens E"]
[Black "Chatalbashev, Boris"]
[Result "0-1"]
[WhiteElo "2174"]
[BlackElo "2571"]
[Annotator "TA"]
[PlyCount "74"]
[EventDate "2018.??.??"]
[EventType "swiss"]
[EventCountry "NOR"]
[SourceTitle "playchess.com"]
[Source "ChessBase"]
[SourceQuality "1"]

{[%evp 17,74,0,22,11,28,-4,14,0,19,2,19,5,14,0,0,-7,0,-16,25,22,28,-7,-6,-77,-93,-120,-93,-189,-175,-188,-181,-180,-191,-184,-174,-269,-267,-264,-204,-204,-204,-207,-206,-586,-585,-580,-558,-2754,-1974,-5081,-4561,-4010,-2359,-1989,-1719,-29971,-29972,-29971,-29970]} 1. e4 g6 2. d4 Bg7 3. Nc3 d6 4. Nf3 Nf6 5. Be2 O-O 6. O-O c5 7. d5 e6 8. Re1 {A43: Schmid Benoni} (8. Nd2 exd5 9. exd5 Nbd7 10. Nc4 Nb6 11. Ne3 Ne8 12. a4 f5 13. a5 Nd7 14. f4 Nc7 15. Nb5 Nxb5 16. Bxb5 a6 17. Be2 b5 18. axb6 Nxb6 19. c3 Re8 {0-1 (63) Onischuk,V (2639)-Kislinsky,A (2516) Tsaghkadzor 2017}) 8... exd5 9. exd5 Re8 {LiveBook: 5 Games} 10. Bg5 {The position is equal.} h6 11. Bh4 Bg4 $146 ({Predecessor:} 11... a6 12. a4 Nbd7 13. Bf1 Rxe1 14. Qxe1 {½-½ (89) Lugovskoy,M (2474)-Papenin,N (2334) Sochi 2017}) 12. Nd2 {[#] Bxf6 is the strong threat.} Bxe2 13. Rxe2 Rxe2 14. Qxe2 Nbd7 {[%cal Bb8d7,Bd7b6,Bb6d5][%mdl 32]} 15. Nc4 Nb6 16. Ne3 Qe7 17. Re1 g5 {[%cal Bg6g5,Bg5h4][%mdl 32]} 18. Bg3 Re8 19. h4 Nfxd5 20. Ncxd5 (20. Nf5 $11 Qxe2 21. Rxe2 Rxe2 22. Nxe2) 20... Nxd5 $17 21. Qd2 gxh4 22. Bh2 (22. Bxh4 $17 Qe4 23. c4 Nxe3 24. Rxe3 Qb1+ 25. Kh2 Rxe3 26. Qxe3) 22... Qe4 $19 23. c3 {[#] Threatens to win with Nc2.} Nxe3 24. Qxe3 Qxe3 25. fxe3 {[%mdl 4096] Endgame KRB-KRB} d5 26. Rd1 (26. Kf2 $142) 26... Rxe3 27. Rxd5 Re2 28. Rxc5 {intending Rb5.} Rxb2 29. a4 Rb3 30. Rb5 $2 (30. Bb8 {is tougher.}) 30... Rxb5 31. axb5 Bxc3 {KB-KB} 32. Bb8 a5 33. bxa6 bxa6 {[%cal Bb7a6,Ba6a5][%mdl 32]} 34. Kf2 Kg7 35. Kf3 Kg6 36. Kg4 a5 37. Bf4 Bb2 {Precision: White = 29%, Black = 73%.} 0-1

[Event "Kragero Resort Chess A 2018"]
[Site "Kragero"]
[Date "2018.02.21"]
[Round "1"]
[White "Baldursson, Hrannar"]
[Black "Hillarp Persson, Tiger"]
[Result "0-1"]
[WhiteElo "2153"]
[BlackElo "2543"]
[Annotator "TA"]
[PlyCount "82"]
[EventDate "2018.??.??"]
[EventType "swiss"]
[EventCountry "NOR"]
[SourceTitle "playchess.com"]
[Source "ChessBase"]
[SourceQuality "1"]

{[%evp 17,82,33,22,-4,2,-3,-6,-20,-25,0,0,-16,-20,-10,0,0,-7,-55,-72,-58,-50,-64,0,-36,-31,-25,0,0,0,-36,0,-1,7,-62,-29,-21,-28,-25,-13,-385,-393,-513,-497,-513,-511,-506,-481,-483,-479,-505,-499,-490,-453,-634,-566,-668,-702,-672,-642,-662,-607,-922,-1007,-989,-991,-836,-913]} 1. e4 c5 2. Nf3 e6 3. Nc3 a6 4. d4 cxd4 5. Nxd4 b5 6. Bd3 Qb6 7. Nb3 Qc7 8. O-O Bb7 9. Qe2 Be7 {LiveBook: 14 Partien. B43: Sizilianisch (Paulsen-Variante)} (9... Nf6 10. f4 d6 11. Kh1 Nbd7 12. Bd2 Nc5 13. Nxc5 dxc5 14. e5 Nd5 15. Nxd5 Bxd5 16. c4 bxc4 17. Bxc4 {1-0 (31) Movsesian,S (2702)-Pantsulaia,L (2595) Plovdiv 2012}) 10. Be3 Nf6 11. f3 O-O {Die Stellung ist ausgeglichen.} 12. Qf2 Nc6 13. Bb6 Qb8 14. Rad1 Ne5 15. Na5 $146 ({Vorgänger:} 15. h3 b4 16. Ne2 d5 17. Bd4 {½-½ (46) Vlasak,L (2315)-Kratochvil,J (2223) Teplice 2011}) 15... Bc8 {[#] zielt auf ...Sfg4! ab.} 16. Be2 d6 {[%cal Bd7d6,Bd6d5][%mdl 32]} 17. h3 b4 18. Nb1 d5 19. Nd2 Nfd7 20. Bd4 Qc7 21. Ndb3 dxe4 22. fxe4 Ng6 23. Bh5 e5 $36 {[%mdl 2048] Schwarz hat Initiative.} 24. Be3 Rb8 25. Be2 ({Lieber} 25. Rc1 $11) 25... Nf6 26. Ba7 Be6 27. Bxb8 Rxb8 28. Bxa6 $2 {[%mdl 8192] [#]} (28. Bd3 $11) 28... Ra8 $1 $19 ({Und nicht} 28... Nxe4 29. Qf3 $11) 29. Bb7 Rxa5 {Schwarz steht klar auf Gewinn.} 30. Bd5 ({Natürlich nicht} 30. Nxa5 Bc5 $19) 30... Nxd5 31. exd5 Rxd5 32. Rxd5 Bxd5 33. Qd2 Be6 34. Nc1 Nf4 35. Rf3 g5 36. Kh1 e4 37. Re3 f5 38. c3 Nd5 39. Re1 bxc3 40. bxc3 Qg3 {( -> ...e3)} 41. Ne2 Qf2 {Precision: Weiß = 21%, Schwarz = 73%.} 0-1

[Event "Kragero Resort Chess A 2018"]
[Site "Kragero"]
[Date "2018.02.21"]
[Round "1"]
[White "Rishovd, Svein"]
[Black "Christiansen, Johan-Sebastian"]
[Result "0-1"]
[WhiteElo "2126"]
[BlackElo "2498"]
[Annotator "TA"]
[PlyCount "42"]
[EventDate "2018.??.??"]
[EventType "swiss"]
[EventCountry "NOR"]
[SourceTitle "playchess.com"]
[Source "ChessBase"]
[SourceQuality "1"]

{[%evp 20,42,23,10,38,29,36,-13,-6,-8,-5,-47,0,0,0,-28,90,-630,-641,-646,-646,-624,-471,-837,-822]} 1. d4 d5 2. c4 e6 3. Nf3 Nf6 4. g3 dxc4 5. Bg2 Bd7 6. Ne5 Bc6 7. Nxc6 Nxc6 8. O-O Qd7 {E04: Open Catalan: 5 Nf3} 9. e3 Rd8 10. Qe2 e5 11. Nc3 {LiveBook: 7 Games} exd4 12. exd4+ Be7 13. Bg5 (13. d5 $5 Nb4 14. b3 $14) 13... Nxd4 14. Qxc4 {[#]} Qg4 $146 ({Predecessor:} 14... O-O 15. Bxf6 Bxf6 16. Nd5 {0-1 (59) Rozum,I (2586)-Grachev,B (2645) Sochi 2017}) 15. f4 c6 16. Rae1 $36 {[%mdl 2048] [#] Hoping for Rxe7+! White is pushing.} Ne6 17. Re5 {aiming for Bf3.} Nd7 (17... Rd4 $11 18. Qb3 Rb4) 18. Ne4 $2 {[%mdl 8192]} (18. Bxe7 $16 Nxe5 19. Qb4) 18... Nxe5 $19 {Black is clearly winning.} 19. fxe5 {And now Nd6+! would win.} Rd4 20. Qc3 Bb4 21. Nd6+ (21. Qf3 $142 Qxf3 22. Bxf3 Rxe4 23. Bxe4 Nxg5 24. Bc2) 21... Rxd6 {Precision: White = 21%, Black = 36%.} 0-1

[Event "Kragero Resort Chess A 2018"]
[Site "Kragero"]
[Date "2018.02.21"]
[Round "1"]
[White "Bergsson, Stefan"]
[Black "Lie, Espen"]
[Result "0-1"]
[WhiteElo "2093"]
[BlackElo "2473"]
[Annotator "TA"]
[PlyCount "102"]
[EventDate "2018.??.??"]
[EventType "swiss"]
[EventCountry "NOR"]
[SourceTitle "playchess.com"]
[Source "ChessBase"]
[SourceQuality "1"]

{[%evp 21,102,116,112,108,108,101,143,125,184,192,245,251,222,235,250,237,250,300,304,195,374,381,388,377,378,370,485,386,520,507,420,263,521,503,427,0,0,-55,-86,-112,-116,-101,-117,-162,-166,-131,0,-193,-177,-175,-186,-217,-195,-356,-331,-348,-358,-327,-312,-645,-554,-618,-519,-559,-535,-518,-531,-1075,-483,-508,-453,-29982,-29983,-29983,-29984,-29984,-29985,-29990,-29991,-29992,-29987,-29996,-29997]} 1. c4 Nf6 2. Nc3 g6 3. d4 Bg7 4. e4 O-O 5. Be3 d6 6. Be2 e5 7. d5 Na6 8. g4 {E73: King's Indian: Averbakh Variation without 6...c5} Nc5 9. f3 a5 (9... h5 10. g5 Nh7 11. h4 f6 12. gxf6 Bxf6 13. Bf2 Be7 14. Kd2 Rf4 15. Qe1 a5 {½-½ (30) L'Ami,E (2634)-Amin,B (2693) Wijk aan Zee 2018}) 10. Qd2 Ne8 11. h4 f5 {LiveBook: 4 Games} 12. exf5 $146 ({Predecessor:} 12. g5 f4 13. Bf2 Rf7 14. Bf1 Bf8 15. Bh3 Bxh3 16. Rxh3 {1-0 (73) Levin,E (2544)-Goluch,P (2308) Krakow 2017}) 12... gxf5 13. g5 Qe7 14. Nh3 Bd7 (14... f4 $16) 15. O-O-O $1 $18 Na4 (15... e4 $142 16. Nf4 a4) 16. Nxa4 Bxa4 17. Rdg1 Bd7 18. f4 c6 19. h5 {[%cal Bh4h5,Bh5h6][%mdl 32]} cxd5 20. cxd5 {aiming for h6.} Nc7 $2 (20... exf4 21. Nxf4 Be5) 21. h6 Bh8 22. g6 Bf6 23. Kb1 Nb5 24. Ng5 hxg6 25. Bxb5 Bxb5 26. Ne6 Kh7 $2 (26... Qh7 27. fxe5 (27. Nxf8 Rxf8 28. fxe5 Bxe5 $18) 27... Bxe5) 27. fxe5 Bxe5 {[#]} 28. Ng5+ $2 ({Less strong is} 28. Nxf8+ Rxf8 29. Re1 Qf7 $16) (28. Rxg6 $1 $18 Kxg6 29. h7) 28... Kh8 $11 29. Ne6 ({Better is} 29. Bf4 $1 $11) 29... f4 $1 $15 {[%cal Rf4e3]} 30. Nxf8 Rxf8 31. Bf2 Qf7 {[%mdl 1024] Black has strong compensation.} 32. Re1 Qf5+ 33. Ka1 {[#]} a4 ({Black should try} 33... Kh7 $1 $17) 34. a3 $2 (34. Qb4 $11 {and White stays safe.} Bd7 35. Bd4 Bxd4 36. Qxd4+ Qf6 37. Qf2) 34... Qd3 $19 {( -> ...Qxa3+)} 35. Qxd3 Bxd3 36. Rd1 Bc4 37. Bd4 $2 (37. h7 {was worth a try.}) 37... Bxd4 38. Rxd4 {[%mdl 4096] Endgame KRR-KRB} b5 39. Rh2 Kh7 40. b4 $2 (40. Kb1 f3 41. Rf2) 40... g5 41. Kb2 f3 {Hoping for ...f2.} 42. Rf2 Kxh6 43. Kc3 Kh5 44. Rh2+ Kg6 {...f2 is the strong threat.} 45. Rf2 {Now Kd2 and White clings on.} Rf5 46. Rxc4 (46. Kd2 $19 Bxd5 47. Rf1) 46... bxc4 {KR-KR. Black mates.} 47. b5 g4 {[%cal Bg5g4,Bg4g3][%mdl 32]} 48. b6 g3 49. Rb2 f2 50. b7 Rf3+ 51. Kd4 f1=Q {Precision: White = 45%, Black = 64%.} 0-1